00348nam a2200145Ia 4500008004100000020001500041041001200056082001600068100001400084245003400098260002900132300000900161650001600170700001600186221030s9999 xx 000 0 und d a8176562319 aEnglish a105.23bMin aM. Minasi 0aMastering Windows 2000 Server bBPB PubaNew Delhic2000 a1593 aBE Computer aC. Anderson